Online
Catalog

La parábola Trunca / (Record no. 32696)

MARC details
000 -CABECERA
campo de control de longitud fija 00510nam a2200169 a 4500
001 - NÚMERO DE CONTROL
campo de control 000033205
005 - FECHA Y HORA DE LA ÚLTIMA TRANSACCIÓN
campo de control 20200930070109.0
008 - DATOS DE LONGITUD FIJA--INFORMACIÓN GENERAL
campo de control de longitud fija 110822s1935 dr 000 0 spa d
040 ## - FUENTE DE LA CATALOGACIÓN
Centro catalogador/agencia de origen DO-SdBNP
Lengua de catalogación spa
Centro/agencia transcriptor BNPHU
082 ## - NÚMERO DE LA CLASIFICACIÓN DECIMAL DEWEY
Número de clasificación xxxx
Número de documento/Ítem C965p
049 ## - FONDOS LOCALES (OCLC)
Fondos de biblioteca BNPD
100 1# - ENTRADA PRINCIPAL--NOMBRE DE PERSONA
Nombre de persona Cuello, Julio A.
9 (RLIN) 20639
245 13 - MENCIÓN DE TÍTULO
Título La parábola Trunca /
Mención de responsabilidad, etc. Julio A. Cuello; prólogo M. A. Peña Batlle.
260 ## - PUBLICACIÓN, DISTRIBUCIÓN, ETC.
Lugar de publicación, distribución, etc. Santo Domingo :
Nombre del editor, distribuidor, etc. [Tip. Cambier],
Fecha de publicación, distribución, etc. 1935.
300 ## - DESCRIPCIÓN FÍSICA
Extensión 37 p. ;
Dimensiones 19 cm.
700 12 - PUNTO DE ACCESO ADICIONAL--NOMBRE DE PERSONA
Nombre de persona Peña Batlle, M. A.,
Término indicativo de función/relación pról.
9 (RLIN) 58844
Holdings
Estado de retiro Estado de pérdida Restricciones de uso No para préstamo Código de colección Localización permanente Ubicación/localización actual Ubicación en estantería Fecha de adquisición Número de inventario Total de préstamos Signatura topográfica completa Código de barras Fecha visto por última vez Número de copia Precio válido a partir de Tipo de ítem Koha Nota pública
  Extraviado     Raros y valiosos General General Extraviado 22.08.2011 LF1   xxxx C965p 33205-30 25.06.2020 e. 3 25.06.2020 Préstamo en sala Perteneció a la biblioteca personal de Martínez Boog
      Excluido de préstamo Raros y valiosos Patrimonio Dominicano Patrimonio Dominicano Depósito 22.08.2011 LF1   xxxx C965p 33205-10 25.06.2020   25.06.2020 No se presta Perteneció a la biblioteca personal de Carlos Larrazábal Blanco
      Excluido de préstamo Raros y valiosos Patrimonio Dominicano Patrimonio Dominicano En catalogación 22.08.2011 LF1   xxxx C965p 33205-20 25.06.2020 e. 2 25.06.2020 No se presta Perteneció a la biblioteca personal de Martínez Boog

Powered by Koha